| 000 | 00773cam a22002773a 4500 | ||
|---|---|---|---|
| 001 | 11279 | ||
| 003 | PGUSA | ||
| 005 | 20140828083235.0 | ||
| 008 | 040201s2004||||xxu|||||s|||||000 1 eng d | ||
| 040 |
_aPGUSA _beng |
||
| 042 | _adc | ||
| 050 | 4 | _aPS | |
| 100 | 1 |
_aAde, George, _d1866-1944 |
|
| 245 | 1 | 4 |
_aThe Slim Princess _h[electronic resource] / _cGeorge Ade |
| 260 |
_bProject Gutenberg, _c2004 |
||
| 506 | _aPublic domain in the USA. | ||
| 516 | _aElectronic text | ||
| 653 | _aEast and West -- Fiction | ||
| 653 | _aMillionaires -- Fiction | ||
| 653 | _aPrincesses -- Fiction | ||
| 653 | _aWit and humor | ||
| 700 | 1 |
_aKerr, George F., _d1869-1953 |
|
| 830 | 0 |
_aProject Gutenberg _v11279 |
|
| 856 | 4 | 0 | _uhttp://www.gutenberg.org/ebooks/11279 |
| 942 | _cEB | ||
| 999 |
_c240534 _d240534 |
||